| 000 | 00568nam a22001937a 4500 | ||
|---|---|---|---|
| 999 |
_c67794 _d67794 |
||
| 005 | 20190208162351.0 | ||
| 010 | _aB-226912 ,B-226936 | ||
| 020 |
_a8188322792 _c250.00 |
||
| 035 | _aB-226917, B-226912 , B-226936,B-226932 | ||
| 037 |
_aDPL _bENG |
||
| 082 |
_a363.35 _bSHR |
||
| 100 | _aSarma, M.V.S.S. | ||
| 245 |
_aHand book of civil defence / _cby M.V.S.S. Sarma |
||
| 260 |
_aNew Delhi _bOcean books _c2005 |
||
| 270 | _a4/19 Asaf ali road | ||
| 300 |
_a199p. _c18 cms. |
||
| 942 |
_2ddc _cEN _h363.35 _mSAR |
||